000 01384nam a22002417a 4500
999 _c60019
_d60019
003 Ge_BSU
005 20230530172837.0
008 230530s2010 ge ||||| |||| 00| 0 geo d
020 _a9789941102950
041 _ageo
080 _a737(479.22) დ-91
100 _aდუნდუა, გიორგი
_918035
245 _aXIV საუკუნის აღმოსავლურქართული ემისიები /
_cგიორგი დუნდუა, თედო დუნდუა; [ივ. ჯავახიშვილის სახ. თსუ, საქ. ისტორიის ინ-ტი, ოთ. ლორთქიფანიძის არქეოლ. ცენტრი].
264 _aთბილისი :
_bმერიდიანი,
_c2010.
300 _a60 გვ. :
_b ტაბ. ;
_c20 სმ.
501 _aტაბულები: გვ. 52-54.
520 _aრეზ. ინგლ.
653 _aსაქართველოს ნუმიზმატიკა
653 _aსაზღვარგარეთული ნუმიზმატიკა.
700 _aდუნდუა, თედო
_eავტორი
_93483
710 _aთსუ.
_bსაქ. ისტ. ინ-ტის ოთ. ლორთქიფანიძის არქეოლ. ცენტრი.
_918325
942 _2udc
_cBK